<?xml version="1.0" encoding="UTF-8"?>
<record
    xmlns:xsi="http://www.w3.org/2001/XMLSchema-instance"
    xsi:schemaLocation="http://www.loc.gov/MARC21/slim http://www.loc.gov/standards/marcxml/schema/MARC21slim.xsd"
    xmlns="http://www.loc.gov/MARC21/slim">

  <leader>01055nam a22003257i 4500</leader>
  <datafield tag="999" ind1=" " ind2=" ">
    <subfield code="c">173045</subfield>
    <subfield code="d">173045</subfield>
  </datafield>
  <controlfield tag="005">20190617100138.0</controlfield>
  <controlfield tag="008">190613t20192019my o   j      000 0bmay d</controlfield>
  <datafield tag="020" ind1=" " ind2=" ">
    <subfield code="a">9789673801862</subfield>
    <subfield code="q">set</subfield>
    <subfield code="c">RM299.00</subfield>
  </datafield>
  <datafield tag="020" ind1=" " ind2=" ">
    <subfield code="a">9789673801893</subfield>
    <subfield code="q">paperback</subfield>
    <subfield code="c">RM59.80</subfield>
  </datafield>
  <datafield tag="040" ind1=" " ind2=" ">
    <subfield code="a">PPAK</subfield>
    <subfield code="b">eng</subfield>
    <subfield code="c">PPAK</subfield>
    <subfield code="e">rda</subfield>
  </datafield>
  <datafield tag="082" ind1="0" ind2="4">
    <subfield code="a">923.2595 </subfield>
    <subfield code="2">23</subfield>
  </datafield>
  <datafield tag="090" ind1="0" ind2="0">
    <subfield code="a">923.2595 </subfield>
    <subfield code="b">MAR</subfield>
    <subfield code="d">K</subfield>
  </datafield>
  <datafield tag="090" ind1="2" ind2="0">
    <subfield code="a">923.2595 </subfield>
    <subfield code="b">MAR</subfield>
    <subfield code="d">KK</subfield>
  </datafield>
  <datafield tag="100" ind1="0" ind2=" ">
    <subfield code="a">Mariah Ahmad,</subfield>
    <subfield code="e">author.</subfield>
  </datafield>
  <datafield tag="245" ind1="1" ind2="0">
    <subfield code="a">Tun Dr. Mahathir Mohamad /</subfield>
    <subfield code="c">Mariah Ahmad</subfield>
  </datafield>
  <datafield tag="264" ind1=" " ind2="1">
    <subfield code="a">Butterworth, Pulau Pinang :</subfield>
    <subfield code="b">Mega Publications,</subfield>
    <subfield code="c">2019</subfield>
  </datafield>
  <datafield tag="264" ind1=" " ind2="4">
    <subfield code="c">&#xA9;2019</subfield>
  </datafield>
  <datafield tag="300" ind1=" " ind2=" ">
    <subfield code="a">iv, 92 pages :</subfield>
    <subfield code="b">some colour photographs ;</subfield>
    <subfield code="c">26 cm</subfield>
  </datafield>
  <datafield tag="336" ind1=" " ind2=" ">
    <subfield code="2">rdacontent</subfield>
    <subfield code="a">text</subfield>
  </datafield>
  <datafield tag="337" ind1=" " ind2=" ">
    <subfield code="2">rdamedia</subfield>
    <subfield code="a">unmediated</subfield>
  </datafield>
  <datafield tag="338" ind1=" " ind2=" ">
    <subfield code="2">rdacarrier</subfield>
    <subfield code="a">volume</subfield>
  </datafield>
  <datafield tag="490" ind1="1" ind2=" ">
    <subfield code="a">Siri Info Perdana Menteri</subfield>
  </datafield>
  <datafield tag="504" ind1=" " ind2=" ">
    <subfield code="6">Bibliography: page 92.</subfield>
  </datafield>
  <datafield tag="600" ind1="0" ind2="0">
    <subfield code="a">Mahathir Mohamad,</subfield>
    <subfield code="c">Tun Dr.</subfield>
    <subfield code="d">1925-</subfield>
  </datafield>
  <datafield tag="650" ind1="1" ind2="0">
    <subfield code="a">Prime ministers</subfield>
    <subfield code="z">Malaysia</subfield>
  </datafield>
  <datafield tag="650" ind1="2" ind2="0">
    <subfield code="a">Politicians</subfield>
    <subfield code="z">Malaysia</subfield>
  </datafield>
  <datafield tag="651" ind1=" " ind2="0">
    <subfield code="a">Malaysia</subfield>
    <subfield code="x">Politics and government</subfield>
  </datafield>
  <datafield tag="830" ind1=" " ind2="0">
    <subfield code="a">Siri info Perdana Menteri</subfield>
  </datafield>
  <datafield tag="942" ind1=" " ind2=" ">
    <subfield code="2">ddc</subfield>
    <subfield code="c">B</subfield>
  </datafield>
  <datafield tag="952" ind1=" " ind2=" ">
    <subfield code="0">0</subfield>
    <subfield code="7">1</subfield>
    <subfield code="b">PPAK</subfield>
    <subfield code="c">KK</subfield>
    <subfield code="d">2019-06-18</subfield>
    <subfield code="o">KK 923.2595  MAR</subfield>
    <subfield code="p">A01605874</subfield>
    <subfield code="r">2019-06-18 00:00:00</subfield>
    <subfield code="y">B</subfield>
  </datafield>
  <datafield tag="952" ind1=" " ind2=" ">
    <subfield code="0">0</subfield>
    <subfield code="7">0</subfield>
    <subfield code="b">PPAK</subfield>
    <subfield code="c">K</subfield>
    <subfield code="d">2019-06-18</subfield>
    <subfield code="l">1</subfield>
    <subfield code="o">K 923.2595  MAR</subfield>
    <subfield code="p">A01605875</subfield>
    <subfield code="r">2020-01-09 00:00:00</subfield>
    <subfield code="s">2019-10-31</subfield>
    <subfield code="y">B</subfield>
  </datafield>
  <datafield tag="952" ind1=" " ind2=" ">
    <subfield code="0">0</subfield>
    <subfield code="7">0</subfield>
    <subfield code="b">SP</subfield>
    <subfield code="c">K</subfield>
    <subfield code="d">2019-06-18</subfield>
    <subfield code="l">5</subfield>
    <subfield code="m">1</subfield>
    <subfield code="o">K 923.2595  MAR</subfield>
    <subfield code="p">A01605876</subfield>
    <subfield code="r">2025-06-14 03:05:40</subfield>
    <subfield code="s">2025-06-11</subfield>
    <subfield code="y">B</subfield>
  </datafield>
  <datafield tag="952" ind1=" " ind2=" ">
    <subfield code="0">0</subfield>
    <subfield code="7">0</subfield>
    <subfield code="b">JT</subfield>
    <subfield code="c">K</subfield>
    <subfield code="d">2019-06-18</subfield>
    <subfield code="l">3</subfield>
    <subfield code="o">K 923.2595  MAR</subfield>
    <subfield code="p">A01605877</subfield>
    <subfield code="r">2025-07-21 12:05:42</subfield>
    <subfield code="s">2025-06-17</subfield>
    <subfield code="y">B</subfield>
  </datafield>
  <datafield tag="952" ind1=" " ind2=" ">
    <subfield code="0">0</subfield>
    <subfield code="7">0</subfield>
    <subfield code="b">LW</subfield>
    <subfield code="c">K</subfield>
    <subfield code="d">2019-06-18</subfield>
    <subfield code="l">1</subfield>
    <subfield code="o">K 923.2595  MAR</subfield>
    <subfield code="p">A01605878</subfield>
    <subfield code="r">2020-10-19 00:00:00</subfield>
    <subfield code="s">2020-09-30</subfield>
    <subfield code="y">B</subfield>
  </datafield>
</record>
